000 00526nam a2200193Ia 4500
005 20140403132726.0
008 140130s9999 xx 000 0 und d
020 _a0590227157
050 _aPZ 7
_b.C86964Ev 2003
100 _aCristaldi, Kathryn
_931187
245 _cCristaldi, Kathryn
_aEven steven and odd todd (w/cd) /
260 _bScholastic,
_c2003.
_aNew York :
300 _a1 v. (unpaged) :
_bcol. ill. ;
_c23 cm.
440 _v1
_931174
521 _aG2
526 _c410
942 _cBK
_2lcc
999 _c41708
_d41708